Devinez le Pays Mystère #61 - Statistiques

Statistiques générales
  • Ce quiz a été pris 404 fois
  • Le résultat moyen est 12 sur 19
Statistiques - réponses
Type de Réponse Réponse % Correct
Lettre Trouvée A
98%
Lettre Trouvée N
94%
Lettre Trouvée I
87%
Lettre Trouvée A
86%
Lettre Trouvée G
85%
Lettre Bien Placée A
83%
Lettre Trouvée R
79%
Lettre Trouvée U
75%
Lettre Bien Placée G
62%
Lettre Bien Placée R
58%
Lettre Bien Placée A
50%
Lettre Trouvée A
43%
Lettre Bien Placée U
42%
Lettre Bien Placée I
39%
Lettre Bien Placée A
36%
Lettre Bien Placée C
36%
Lettre Trouvée C
36%
Lettre Bien Placée N
36%
Pays Mystère Nicaragua
36%
Aucun quiz correspondant
Distribution des résultats
% des personnes avec chaque résultat
Percentile par nombre de réponses
Votre historique - résultats
Vous n’avez pas pris ce quiz